000 00195 a2200097 4500
001 34614
100 _aHolzner, Steve
245 _aC Programming
260 _aND
_bPHI
_c
090 _c22898
_d22898
942 _aNUST-CAE
_cM
_c14333
999 _c269687
_d269687